Southville International School and Colleges
Your cart is empty.
  • Cart
  • Lists
    Public lists Eva Luna New books Lux_list list_1
    Your lists Log in to create your own lists
  • Log in to your account
  • Your cookies
  • Search history
Southville International School and Colleges
  • Advanced search
  • Recent comments
  • Most popular
  • Libraries

Log in to your account

Log in with GOOGLE


If you do not have an external account, but do have a local account, you can still log in:

  1. Home
  2. MARC view: Autobiography of Benjamin Franklin
Normal view MARC view ISBD view

Autobiography of Benjamin Franklin (Record no. 249458)

[ view plain ]
MARC details
000 -LEADER
fixed length control field 00874cam a22002773a 4500
001 - CONTROL NUMBER
control field 20203
003 - CONTROL NUMBER IDENTIFIER
control field PGUSA
005 - DATE AND TIME OF LATEST TRANSACTION
control field 20140828083428.0
008 - FIXED-LENGTH DATA ELEMENTS--GENERAL INFORMATION
fixed length control field 061228s2006||||xxu|||||s|||||000 | eng d
040 ## - CATALOGING SOURCE
Original cataloging agency PGUSA
Language of cataloging eng
042 ## - AUTHENTICATION CODE
Authentication code dc
050 #4 - LIBRARY OF CONGRESS CALL NUMBER
Classification number E300
100 1# - MAIN ENTRY--PERSONAL NAME
Personal name Franklin, Benjamin,
Dates associated with a name 1706-1790
245 10 - TITLE STATEMENT
Title Autobiography of Benjamin Franklin
Medium [electronic resource] /
Statement of responsibility, etc Benjamin Franklin
260 ## - PUBLICATION, DISTRIBUTION, ETC. (IMPRINT)
Name of publisher, distributor, etc Project Gutenberg,
Date of publication, distribution, etc 2006
500 ## - GENERAL NOTE
General note See also PG#148 ed. by Charles W. Eliot
506 ## - RESTRICTIONS ON ACCESS NOTE
Terms governing access Public domain in the USA.
516 ## - TYPE OF COMPUTER FILE OR DATA NOTE
Type of computer file or data note Electronic text
653 ## - INDEX TERM--UNCONTROLLED
Uncontrolled term Statesmen -- United States -- Biography
653 ## - INDEX TERM--UNCONTROLLED
Uncontrolled term Franklin, Benjamin, 1706-1790
700 1# - ADDED ENTRY--PERSONAL NAME
Personal name Pine, Frank Woodworth,
Dates associated with a name 1869-
700 1# - ADDED ENTRY--PERSONAL NAME
Personal name Smith, E. Boyd
Fuller form of name (Elmer Boyd),
Dates associated with a name 1860-1943
830 #0 - SERIES ADDED ENTRY--UNIFORM TITLE
Uniform title Project Gutenberg
Volume number/sequential designation 20203
856 40 - ELECTRONIC LOCATION AND ACCESS
Uniform Resource Identifier <a href="http://www.gutenberg.org/ebooks/20203">http://www.gutenberg.org/ebooks/20203</a>
942 ## - ADDED ENTRY ELEMENTS (KOHA)
Koha item type eBooks
Holdings
Withdrawn status Lost status Damaged status Home library Current library Date acquired Total Checkouts Date last seen Price effective from Koha item type
      Project Gutenberg Project Gutenberg 08/28/2014   08/28/2014 08/28/2014 eBooks

Autobiography of Benjamin Franklin

APA

Franklin B., Pine F. W. & Smith E. B. (2006). Autobiography of Benjamin Franklin. : Project Gutenberg.

Chicago

Franklin Benjamin, Pine Frank Woodworth and Smith E Boyd. 2006. Autobiography of Benjamin Franklin. : Project Gutenberg.

Harvard

Franklin B., Pine F. W. and Smith E. B. (2006). Autobiography of Benjamin Franklin. : Project Gutenberg.

MLA

Franklin Benjamin, Pine Frank Woodworth and Smith E Boyd. Autobiography of Benjamin Franklin. : Project Gutenberg. 2006.

  • Place hold
  • Print
  • Cite
  • Add to your cart (remove)
  • Save record
    BIBTEX Dublin Core MARCXML MARC (non-Unicode/MARC-8) MARC (Unicode/UTF-8) MARC (Unicode/UTF-8, Standard) MODS (XML) RIS
  • More searches
    Search for this title in:
    Other Libraries (WorldCat) Other Databases (Google Scholar) Online Stores (Bookfinder.com) Open Library (openlibrary.org)

Exporting to Dublin Core...

SOUTHVILLE LIBRARY

Southville International School and Colleges Library

1281 Tropical Ave. Cor. Luxembourg St., BF Homes International, Las Pinas City

Tel. No. 8256374 / 252358 Loc. 117/146

Powered by Koha